[Event "Hessenliga 1921"]
[Site "Hessen"]
[Date "2020.03.08"]
[Round "7.7"]
[White "Bahlo, Jens"]
[Black "Perlitz, Sven"]
[Result "0-1"]
[WhiteElo "1906"]
[BlackElo "2098"]
[PlyCount "56"]
[EventDate "2019.09.22"]
[EventType "team-tourn"]
[EventRounds "9"]
[EventCountry "GER"]
[SourceTitle "EXT 2024"]
[Source "ChessBase"]
[SourceDate "2023.10.10"]
[SourceVersion "1"]
[SourceVersionDate "2023.10.10"]
[SourceQuality "1"]
[WhiteTeam "Giessen"]
[BlackTeam "Nied"]
[WhiteTeamCountry "GER"]
[BlackTeamCountry "GER"]

1. Nc3 d5 2. e4 dxe4 3. Nxe4 e5 4. Bc4 Nc6 5. Qf3 Qe7 6. Ne2 f5 7. N4g3 g6 8. Bxg8 Rxg8 9. Qb3 Qe6 10. c4 Bc5 11. 0-0 Bd7 12. d4 Nxd4 13. Nxd4 Bxd4 14. Qxb7 Bc6 15. Qb3 Kf7 16. Ne2 Bc5 17. Qc3 f4 18. Kh1 a5 19. f3 g5 20. Qc2 Rg6 21. b3 Rh6 22. g4 Qxg4 23. Ng1 Bxg1 24. Rxg1 Bxf3+ 25. Rg2 Rd8 26. Ba3 Bxg2+ 27. Qxg2 Qxg2+ 28. Kxg2 Rd2+ 0-1

[Event "Oberliga Ost-B 1718"]
[Site "Germany"]
[Date "2017.11.12"]
[Round "3.8"]
[White "Buerckner, Georg"]
[Black "Perlitz, Sven"]
[Result "1-0"]
[WhiteElo "2044"]
[BlackElo "2112"]
[PlyCount "63"]
[EventDate "2017.10.22"]
[EventType "team-tourn"]
[EventRounds "11"]
[EventCountry "GER"]
[SourceTitle "EXT 2019"]
[Source "ChessBase"]
[SourceDate "2018.10.10"]
[SourceVersion "1"]
[SourceVersionDate "2018.10.10"]
[SourceQuality "1"]
[WhiteTeam "Sangerhausen"]
[BlackTeam "Frankfurt Koenig Nied"]
[WhiteTeamCountry "GER"]
[BlackTeamCountry "GER"]

1. e4 c5 2. c3 Nf6 3. e5 Nd5 4. d4 cxd4 5. cxd4 e6 6. Nc3 Nxc3 7. bxc3 Qc7 8. Bd2 d6 9. exd6 Bxd6 10. Nf3 Nd7 11. Bd3 Nf6 12. 0-0 0-0 13. Re1 b6 14. Ne5 Bb7 15. Re3 g6 16. Qe2 Nd5 17. Rh3 Bxe5 18. dxe5 Nxc3 19. Qe3 Nd5 20. Qh6 f5 21. exf6 Rxf6 22. Bg5 Raf8 23. Bxf6 Rxf6 24. Rc1 Qf7 25. Be4 Qd7 26. Bxd5 exd5 27. Rhc3 Rc6 28. Rxc6 Bxc6 29. Qf4 d4 30. Qf6 d3 31. Qxc6 d2 32. Qc8+ 1-0

[Event "Oberliga Ost-B 1617"]
[Site "Germany"]
[Date "2017.02.18"]
[Round "6.5"]
[White "Perlitz, Sven"]
[Black "Felgendreher, Heiko"]
[Result "1/2-1/2"]
[WhiteElo "2065"]
[BlackElo "2222"]
[PlyCount "84"]
[EventDate "2016.10.16"]
[EventType "team-tourn"]
[EventRounds "11"]
[EventCountry "GER"]
[SourceTitle "EXT 2018"]
[Source "ChessBase"]
[SourceDate "2017.10.13"]
[SourceVersion "1"]
[SourceVersionDate "2017.10.13"]
[SourceQuality "1"]
[WhiteTeam "Frankfurt Koenig Nied"]
[BlackTeam "Moerlenbach Birkenau"]
[WhiteTeamCountry "GER"]
[BlackTeamCountry "GER"]

1. e4 c5 2. Nf3 Nc6 3. c3 d5 4. exd5 Qxd5 5. d4 Bf5 6. Be2 e6 7. Na3 Nf6 8. 0-0 Qd7 9. Ne5 Nxe5 10. dxe5 Qxd1 11. Rxd1 Nd7 12. Nb5 Kd8 13. Bg5+ Be7 14. Nd6 Bxg5 15. Nxf7+ Ke7 16. Nxg5 Nxe5 17. f4 Ng6 18. g3 h6 19. Nf3 Rhd8 20. h4 Bg4 21. Kf2 Kf6 22. Bd3 Ne7 23. Be4 Rab8 24. a3 Nf5 25. Bc2 Nd6 26. Bd3 Bf5 27. Bxf5 exf5 28. Ne5 g5 29. hxg5+ hxg5 30. Kf3 Rbc8 31. Rh1 g4+ 32. Kg2 Nf7 33. Nxf7 Rd2+ 34. Kf1 Kxf7 35. Re1 Rcd8 36. Rh7+ Kf6 37. Ree7 Rd1+ 38. Ke2 R1d2+ 39. Ke1 Rd1+ 40. Ke2 R8d2+ 41. Ke3 Rd3+ 42. Ke2 R1d2+ 1/2-1/2

[Event "GER-chT Betriebe 16th"]
[Site "Dresden"]
[Date "2016.11.05"]
[Round "4.4"]
[White "Perlitz, Sven"]
[Black "Kleeschaetzky, Ralf"]
[Result "1/2-1/2"]
[WhiteElo "2065"]
[BlackElo "2209"]
[PlyCount "46"]
[EventDate "2016.11.03"]
[EventType "team-swiss"]
[EventRounds "7"]
[EventCountry "GER"]
[SourceTitle "EXT 2020"]
[Source "ChessBase"]
[SourceDate "2019.10.17"]
[SourceVersion "1"]
[SourceVersionDate "2019.10.17"]
[SourceQuality "1"]
[WhiteTeam "Frankfurt/M Deutsche Bahn/BSW"]
[BlackTeam "Berlin Deutsche Bahn/BSW"]
[WhiteTeamCountry "GER"]
[BlackTeamCountry "GER"]

1. e4 c5 2. Nf3 Nc6 3. c3 d5 4. exd5 Qxd5 5. d4 cxd4 6. cxd4 e6 7. Nc3 Qd8 8. Bd3 Nf6 9. 0-0 Be7 10. Qe2 0-0 11. Rd1 Nb4 12. Bb1 Nbd5 13. Bg5 b6 14. a3 Bb7 15. Qd3 g6 16. Ne5 Nxc3 17. bxc3 Nd7 18. Nxd7 Bxg5 19. Nxf8 Qxf8 20. Ba2 Bf6 21. c4 Rd8 22. Qe3 Qd6 23. Rac1 Bxd4 1/2-1/2

[Event "Oberliga Ost-B 1516"]
[Site "Germany"]
[Date "2016.02.20"]
[Round "9.5"]
[White "Philipp, Mathias"]
[Black "Perlitz, Sven"]
[Result "1-0"]
[WhiteElo "1697"]
[BlackElo "2096"]
[PlyCount "65"]
[EventDate "2015.09.20"]
[EventType "team-tourn"]
[EventRounds "11"]
[EventCountry "GER"]
[SourceTitle "EXT 2017"]
[Source "ChessBase"]
[SourceDate "2016.10.25"]
[SourceVersion "1"]
[SourceVersionDate "2016.10.25"]
[SourceQuality "1"]
[WhiteTeam "Weimar"]
[BlackTeam "Nied"]
[WhiteTeamCountry "GER"]
[BlackTeamCountry "GER"]

1. e4 c5 2. c3 d5 3. exd5 Qxd5 4. d4 Nc6 5. Nf3 Bg4 6. dxc5 Qxd1+ 7. Kxd1 e5 8. b4 a5 9. Bb5 Nge7 10. Kc2 Bxf3 11. gxf3 axb4 12. cxb4 0-0-0 13. Bxc6 Nxc6 14. Kc3 Be7 15. Nd2 b6 16. Nb3 e4 17. Kc4 bxc5 18. bxc5 Bf6 19. Rb1 Ne5+ 20. Kb5 Kc7 21. Bf4 Ra8 22. Na5 Ra7 23. Nc4 Rb8+ 24. Nb6 Rxa2 25. Rhe1 g5 26. Bg3 Bg7 27. Rxe4 f6 28. Rd4 Rd8 29. Rxd8 Kxd8 30. Rd1+ Ke8 31. Bxe5 fxe5 32. c6 Rb2+ 33. Ka6 1-0

[Event "Hessenliga 1415"]
[Site "Hessen"]
[Date "2015.02.08"]
[Round "6.6"]
[White "Kuepper, Martin"]
[Black "Perlitz, Sven"]
[Result "0-1"]
[WhiteElo "2004"]
[BlackElo "2096"]
[PlyCount "56"]
[EventDate "2014.09.28"]
[EventType "team-tourn"]
[EventRounds "9"]
[EventCountry "GER"]
[SourceTitle "EXT 2016"]
[Source "ChessBase"]
[SourceDate "2015.10.08"]
[SourceVersion "1"]
[SourceVersionDate "2015.10.08"]
[SourceQuality "1"]
[WhiteTeam "Fulda"]
[BlackTeam "Nied"]
[WhiteTeamCountry "GER"]
[BlackTeamCountry "GER"]

1. e4 c5 2. Nc3 Nc6 3. f4 g6 4. Nf3 Bg7 5. Bb5 Nd4 6. a4 a6 7. Bc4 e6 8. e5 d5 9. exd6 Nf5 10. 0-0 Nxd6 11. Be2 Nf6 12. d3 Nf5 13. Ne5 h5 14. Bf3 Ng4 15. Qe1 Qd4+ 16. Kh1 Nxe5 17. fxe5 h4 18. Ne2 Ng3+ 19. Qxg3 hxg3 20. Nxd4 cxd4 21. Bf4 gxh2 22. Rfe1 Bd7 23. Bxb7 Rb8 24. Bxa6 Rxb2 25. Reb1 Rxb1+ 26. Rxb1 Bxa4 27. Rb4 Bc6 28. Rxd4 Bxg2+ 0-1

[Event "Hessenliga 1415"]
[Site "Hessen"]
[Date "2015.01.25"]
[Round "5.5"]
[White "Schmidt, Walter"]
[Black "Perlitz, Sven"]
[Result "1/2-1/2"]
[WhiteElo "2217"]
[BlackElo "2096"]
[PlyCount "74"]
[EventDate "2014.09.28"]
[EventType "team-tourn"]
[EventRounds "9"]
[EventCountry "GER"]
[SourceTitle "EXT 2016"]
[Source "ChessBase"]
[SourceDate "2015.10.08"]
[SourceVersion "1"]
[SourceVersionDate "2015.10.08"]
[SourceQuality "1"]
[WhiteTeam "Bad Homburg"]
[BlackTeam "Nied"]
[WhiteTeamCountry "GER"]
[BlackTeamCountry "GER"]

1. d4 Nf6 2. c4 g6 3. Nc3 d5 4. Bg5 Ne4 5. Bh4 Nxc3 6. bxc3 dxc4 7. Qa4+ Nd7 8. e3 Bg7 9. Bxc4 0-0 10. Qa3 Nb6 11. Be2 Re8 12. Nf3 Qd6 13. Qb2 c5 14. 0-0 Bd7 15. Bg3 Qd5 16. Ne5 cxd4 17. cxd4 Bxe5 18. Bxe5 Bc6 19. Bf3 Qe6 20. Bxc6 Qxc6 21. Rfc1 Qe6 22. Rc7 Nc4 23. Qb3 Nxe5 24. Qxe6 fxe6 25. dxe5 b5 26. Rd1 a5 27. Rb7 b4 28. g3 Rad8 29. Rd4 Kf7 30. Kf1 Rxd4 31. exd4 Rc8 32. Ra7 Rc1+ 33. Kg2 Ra1 34. Rxa5 b3 35. Rb5 bxa2 36. Ra5 g5 37. g4 Rd1 1/2-1/2

[Event "Hessenliga 1314"]
[Site "Germany"]
[Date "2013.10.20"]
[Round "2.7"]
[White "Reh, Philipp"]
[Black "Perlitz, Sven"]
[Result "1-0"]
[WhiteElo "2064"]
[BlackElo "2096"]
[PlyCount "53"]
[EventDate "2013.09.29"]
[EventType "team-tourn"]
[EventRounds "9"]
[EventCountry "GER"]
[SourceTitle "EXT 2015"]
[Source "ChessBase"]
[SourceDate "2014.11.20"]
[SourceVersion "1"]
[SourceVersionDate "2014.11.20"]
[SourceQuality "1"]
[WhiteTeam "Fulda"]
[BlackTeam "Nied"]
[WhiteTeamCountry "GER"]
[BlackTeamCountry "GER"]

1. Nf3 Nf6 2. g3 d5 3. Bg2 g6 4. 0-0 Bg7 5. d3 0-0 6. c3 c5 7. Nbd2 Nc6 8. e4 dxe4 9. dxe4 b6 10. Re1 Bb7 11. Qc2 Nd7 12. Nf1 Qc7 13. Bf4 Nce5 14. Nxe5 Bxe5 15. Bh6 Bg7 16. Bxg7 Kxg7 17. Rad1 Rad8 18. Ne3 e6 19. Rd2 Ne5 20. Red1 Rxd2 21. Qxd2 Nc6 22. Ng4 f5 23. exf5 exf5 24. Qh6+ Kg8 25. Bd5+ Rf7 26. Bxf7+ Qxf7 27. Rd7 1-0

[Event "Hessenliga 1314"]
[Site "Germany"]
[Date "2013.09.29"]
[Round "1.6"]
[White "Novak, Volker"]
[Black "Perlitz, Sven"]
[Result "1/2-1/2"]
[WhiteElo "2107"]
[BlackElo "2096"]
[PlyCount "44"]
[EventDate "2013.09.29"]
[EventType "team-tourn"]
[EventRounds "9"]
[EventCountry "GER"]
[SourceTitle "EXT 2015"]
[Source "ChessBase"]
[SourceDate "2014.11.20"]
[SourceVersion "1"]
[SourceVersionDate "2014.11.20"]
[SourceQuality "1"]
[WhiteTeam "Bad Homburg"]
[BlackTeam "Nied"]
[WhiteTeamCountry "GER"]
[BlackTeamCountry "GER"]

1. c4 Nf6 2. Nc3 d5 3. cxd5 Nxd5 4. g3 g6 5. Bg2 Nb6 6. Nf3 Bg7 7. 0-0 0-0 8. d3 e5 9. Be3 Qe7 10. Rc1 Na6 11. a3 Rd8 12. Qc2 c6 13. b4 Be6 14. b5 cxb5 15. Nxb5 Nd5 16. Bxa7 Bd7 17. Bc5 Nxc5 18. Qxc5 Bxb5 19. Qxb5 Rxa3 20. Rc2 Nc3 21. Qb6 Nd5 22. Qb5 Nc3 1/2-1/2

[Event "Hessenliga 1213"]
[Site "Germany"]
[Date "2012.11.04"]
[Round "3.7"]
[White "Laschenko, Sergej"]
[Black "Perlitz, Sven"]
[Result "1/2-1/2"]
[WhiteElo "2016"]
[BlackElo "2085"]
[PlyCount "85"]
[EventDate "2012.09.16"]
[EventType "team-tourn"]
[EventRounds "9"]
[EventCountry "GER"]
[SourceTitle "EXT 2014"]
[Source "ChessBase"]
[SourceDate "2013.11.20"]
[SourceVersion "1"]
[SourceVersionDate "2013.11.20"]
[SourceQuality "1"]
[WhiteTeam "Fulda"]
[BlackTeam "Nied"]
[WhiteTeamCountry "GER"]
[BlackTeamCountry "GER"]

1. b3 d5 2. Bb2 Bf5 3. e3 e6 4. Nf3 Nd7 5. Be2 Ngf6 6. 0-0 Bd6 7. d4 0-0 8. c4 c6 9. Nbd2 Qe7 10. Ne5 Ba3 11. Bxa3 Qxa3 12. Ndf3 Rfd8 13. Qc1 Qxc1 14. Raxc1 Rac8 15. c5 Nxe5 16. Nxe5 Nd7 17. Nf3 Re8 18. Nh4 Be4 19. f3 Bg6 20. Nxg6 hxg6 21. f4 Nf6 22. Bd3 Ne4 23. Bxe4 dxe4 24. Rc4 Ra8 25. Rb4 Reb8 26. Rc1 Kf8 27. a4 Ke7 28. Kf2 Kd7 29. a5 a6 30. g4 Kc7 31. Kg3 Rh8 32. h4 Rh7 33. Ra4 f6 34. Ra2 Rah8 35. Rh2 Kd7 36. Rch1 f5 37. h5 fxg4 38. Kxg4 Ke7 39. Kg5 Rh6 40. Rh4 gxh5 41. Rxh5 Rxh5+ 42. Rxh5 Rxh5+ 43. Kxh5 1/2-1/2

[Event "Karl Mala Memorial op 15th"]
[Site "Frankfurt"]
[Date "2012.07.06"]
[Round "3"]
[White "Perlitz, Sven"]
[Black "Kusnetsov, Mark"]
[Result "1/2-1/2"]
[WhiteElo "2085"]
[BlackElo "2242"]
[PlyCount "173"]
[EventDate "2012.07.05"]
[EventType "swiss"]
[EventRounds "7"]
[EventCountry "GER"]
[SourceTitle "CBM 149 Extra"]
[Source "ChessBase"]
[SourceDate "2012.08.24"]
[SourceVersion "1"]
[SourceVersionDate "2012.08.24"]
[SourceQuality "1"]

1. e4 e5 2. Nf3 Nf6 3. Nxe5 d6 4. Nf3 Nxe4 5. Nc3 Nf6 6. d4 Be7 7. Bd3 Bg4 8. h3 Bh5 9. Ne4 Nc6 10. c3 Nxe4 11. Bxe4 d5 12. Bf5 Bg6 13. Qd3 Bxf5 14. Qxf5 Qd7 15. Qg4 0-0-0 16. Qxd7+ Rxd7 17. Bf4 Re8 18. 0-0-0 Bf8 19. Rde1 Rde7 20. Rxe7 Rxe7 21. Re1 Rxe1+ 22. Nxe1 Nd8 23. Nd3 Ne6 24. Bh2 f6 25. Nf4 Nxf4 26. Bxf4 c6 27. g4 Kd7 28. Kc2 Ke6 29. Kd3 g6 30. a4 a6 31. b3 b5 32. Bg3 Bh6 33. Bc7 Kd7 34. Bg3 Ke6 35. Bc7 Bf8 36. Bg3 Ba3 37. Bf4 Be7 38. Bh2 f5 39. f3 fxg4 40. fxg4 h5 41. Bf4 Bh4 42. Ke2 Kd7 43. Kd3 Be1 44. Be5 Ke6 45. Bf4 Kf6 46. Kc2 hxg4 47. hxg4 Bh4 48. Kd1 Bg5 49. Bg3 Bh6 50. Bh4+ Ke6 51. Bg3 Bg5 52. Ke2 Kd7 53. Kd3 Kc8 54. Bd6 Kb7 55. Kc2 Kb6 56. Bg3 Bd8 57. Bd6 Bh4 58. Kb2 Be1 59. Kc2 Kb7 60. Kd3 Kc8 61. Be7 Bg3 62. Bg5 Bd6 63. Ke3 Kb7 64. Kd3 Bc7 65. Kc2 Kb6 66. Be7 Bf4 67. Bd8+ Kb7 68. Kd3 Kc8 69. Bh4 Kc7 70. Bf2 Kb6 71. Kc2 Ka5 72. axb5 cxb5 73. Bh4 Kb6 74. b4 Kc6 75. Kd3 Kd6 76. Bf2 Ke6 77. Be3 Bc7 78. Bg5 Kd7 79. Kd2 Kc6 80. Kc2 Kd7 81. Kd3 a5 82. bxa5 Bxa5 83. Bf4 Bd8 84. Ke2 Be7 85. Kd3 Kc6 86. Bc1 Bd6 87. Bg5 1/2-1/2

[Event "Karl Mala Memorial op 14th"]
[Site "Frankfurt"]
[Date "2011.07.10"]
[Round "7"]
[White "Perlitz, Sven"]
[Black "Kaufeld, Juergen"]
[Result "0-1"]
[WhiteElo "2094"]
[BlackElo "2238"]
[PlyCount "86"]
[EventDate "2011.07.07"]
[EventType "swiss"]
[EventRounds "7"]
[EventCountry "GER"]
[SourceTitle "EXT 2012"]
[Source "ChessBase"]
[SourceDate "2011.11.24"]
[SourceVersion "1"]
[SourceVersionDate "2011.11.24"]
[SourceQuality "1"]

1. e4 c5 2. c3 d5 3. exd5 Qxd5 4. d4 g6 5. Qf3 Qe6+ 6. Be3 cxd4 7. cxd4 Nf6 8. Bb5+ Nbd7 9. Nc3 Bg7 10. h3 0-0 11. Nge2 a6 12. d5 Qd6 13. Bxd7 Bxd7 14. 0-0 Rac8 15. Rfd1 Rfd8 16. a3 Be8 17. Rd2 Rc4 18. Rad1 Nd7 19. Ne4 Ne5 20. Qf4 Qb8 21. b3 g5 22. Qxg5 Rxe4 23. Ng3 f6 24. Qf5 Bg6 25. Qe6+ Bf7 26. Qb6 Nd7 27. Qa7 Qxa7 28. Bxa7 Rh4 29. Nf5 Rh5 30. Nxe7+ Kf8 31. Nc6 Rc8 32. Be3 Bh6 33. f4 Rf5 34. g3 bxc6 35. dxc6 Rxc6 36. Rxd7 Rc3 37. Bd2 Rxg3+ 38. Kh2 Rg6 39. Bb4+ Kg7 40. Rd8 Bxf4+ 41. Kh1 Rgg5 42. R1d7 Kg6 43. Rf8 Bd5+ 0-1

[Event "Karl Mala Memorial op 14th"]
[Site "Frankfurt"]
[Date "2011.07.09"]
[Round "5"]
[White "Breitwieser, Jasmin"]
[Black "Perlitz, Sven"]
[Result "1/2-1/2"]
[WhiteElo "1904"]
[BlackElo "2094"]
[PlyCount "57"]
[EventDate "2011.07.07"]
[EventType "swiss"]
[EventRounds "7"]
[EventCountry "GER"]
[SourceTitle "EXT 2012"]
[Source "ChessBase"]
[SourceDate "2011.11.24"]
[SourceVersion "1"]
[SourceVersionDate "2011.11.24"]
[SourceQuality "1"]

1. d4 Nf6 2. c4 g6 3. Nc3 d5 4. e3 Bg7 5. Nf3 0-0 6. Be2 dxc4 7. Bxc4 c5 8. 0-0 cxd4 9. exd4 Bg4 10. d5 Ne8 11. h3 Bxf3 12. Qxf3 Nd6 13. Bb3 Nd7 14. Bg5 Ne5 15. Qe2 f6 16. Bf4 Rc8 17. Rac1 a6 18. Na4 Qa5 19. Bd2 Qb5 20. Qxb5 axb5 21. Nc5 Nec4 22. Bb4 Nxb2 23. Rc2 f5 24. Re2 Rf7 25. Ne6 Nd3 26. Bd2 Bf6 27. Rd1 Nb2 28. Rc1 Nbc4 29. Bf4 1/2-1/2

[Event "Frankfurt-ch"]
[Site "Frankfurt"]
[Date "2011.06.14"]
[Round "7"]
[White "Perlitz, Sven"]
[Black "Neumann, Manfred"]
[Result "1-0"]
[WhiteElo "2094"]
[BlackElo "1768"]
[PlyCount "61"]
[EventDate "2011.05.02"]
[EventType "swiss"]
[EventRounds "7"]
[EventCountry "GER"]
[SourceTitle "EXT 2012"]
[Source "ChessBase"]
[SourceDate "2011.11.24"]
[SourceVersion "1"]
[SourceVersionDate "2011.11.24"]
[SourceQuality "1"]

1. e4 c5 2. c3 d5 3. exd5 Qxd5 4. d4 Nf6 5. Nf3 Bg4 6. Be2 e6 7. h3 Bh5 8. 0-0 Be7 9. Be3 cxd4 10. cxd4 0-0 11. Nc3 Qa5 12. Qb3 Nbd7 13. Rfd1 Rac8 14. d5 Nc5 15. Bxc5 Bxc5 16. g4 Bg6 17. dxe6 fxe6 18. Bc4 Bxf2+ 19. Kxf2 Nxg4+ 20. hxg4 Rxf3+ 21. Kxf3 Rf8+ 22. Kg2 Qc5 23. Bxe6+ Kh8 24. Rf1 Re8 25. Qa3 Qc6+ 26. Bd5 Qc8 27. Rf4 h6 28. Re1 Rd8 29. Ref1 Kh7 30. Qb4 b6 31. Rf8 1-0

[Event "Frankfurt-ch"]
[Site "Frankfurt"]
[Date "2011.06.06"]
[Round "6"]
[White "Reschke, Thomas"]
[Black "Perlitz, Sven"]
[Result "1-0"]
[WhiteElo "2198"]
[BlackElo "2094"]
[PlyCount "55"]
[EventDate "2011.05.02"]
[EventType "swiss"]
[EventRounds "7"]
[EventCountry "GER"]
[SourceTitle "EXT 2012"]
[Source "ChessBase"]
[SourceDate "2011.11.24"]
[SourceVersion "1"]
[SourceVersionDate "2011.11.24"]
[SourceQuality "1"]

1. g3 d5 2. Bg2 e5 3. c3 c6 4. d4 Nd7 5. dxe5 Nxe5 6. Nd2 Nf6 7. Ngf3 Nxf3+ 8. Nxf3 Bd6 9. 0-0 0-0 10. b3 Bf5 11. Bb2 Qe7 12. Re1 Rad8 13. Nh4 Bc8 14. Qc2 Ne4 15. e3 f5 16. c4 Be6 17. cxd5 Bxd5 18. f3 Bxg3 19. Nxf5 Bxh2+ 20. Kxh2 Rxf5 21. fxe4 Qh4+ 22. Kg1 Rh5 23. Re2 Be6 24. Rf2 Bg4 25. Qc4+ Kh8 26. Qf7 Rg8 27. Qxg7+ Rxg7 28. Rf8# 1-0